<?xml version="1.0" encoding="UTF-8"?>
<collection xmlns="http://www.loc.gov/MARC21/slim">
  <record>
    <leader>00000nam  2200000   4500</leader>
    <controlfield tag="001">INLIS000000000007477</controlfield>
    <controlfield tag="005">20241017012257</controlfield>
    <datafield tag="035" ind1="#" ind2="#">
      <subfield code="a">0010-0922000348</subfield>
    </datafield>
    <datafield tag="245" ind1="1" ind2="#">
      <subfield code="a">Persamaan Diferensial :</subfield>
      <subfield code="b">Dilengkapi Contoh Penyelesaian Masalah Untuk Umum dan Mahasiswa /</subfield>
      <subfield code="c">Sugiyarto</subfield>
    </datafield>
    <datafield tag="100" ind1=" " ind2="#">
      <subfield code="a">SUGIYARTO</subfield>
    </datafield>
    <datafield tag="250" ind1="#" ind2="#">
      <subfield code="a">Cet. 1, Agustus</subfield>
    </datafield>
    <datafield tag="300" ind1="#" ind2="#">
      <subfield code="a">vi, 135 halaman :</subfield>
      <subfield code="b">Tabel, gambar, grafik ;</subfield>
      <subfield code="c">16x24 cm</subfield>
    </datafield>
    <datafield tag="856" ind1="#" ind2="#">
      <subfield code="a">OPAC (Rak Tandon - Rak 6.1)</subfield>
    </datafield>
    <datafield tag="260" ind1="#" ind2="#">
      <subfield code="a">Yogyakarta :</subfield>
      <subfield code="b">Binafsi Publisher,</subfield>
      <subfield code="c">2015</subfield>
    </datafield>
    <datafield tag="082" ind1="#" ind2="#">
      <subfield code="a">512.5</subfield>
    </datafield>
    <datafield tag="084" ind1="#" ind2="#">
      <subfield code="a">512.5 SUG p</subfield>
    </datafield>
    <datafield tag="020" ind1="#" ind2="#">
      <subfield code="a">978-6027-14293-0</subfield>
    </datafield>
    <datafield tag="650" ind1="#" ind2="4">
      <subfield code="a">Aljabar Linear, Aljabar Multilinear, Aljabar Multidimensional</subfield>
    </datafield>
    <datafield tag="650" ind1="#" ind2="4">
      <subfield code="a">Sumbangan Mahasiswa 2017</subfield>
    </datafield>
    <datafield tag="500" ind1="#" ind2="#">
      <subfield code="a">Sumbangan Mahasiswa 2017</subfield>
    </datafield>
    <datafield tag="520" ind1="#" ind2="#">
      <subfield code="a">Persamaan Diferensial adalah salah satu cabang ilmu matematika terapan yang sangat penting. Buku-buku yang secara khusus membahas ilmu ini jarang ditemukan.</subfield>
    </datafield>
    <controlfield tag="008">241017###########################0######</controlfield>
    <datafield tag="990" ind1="#" ind2="#">
      <subfield code="a">89/SM-17</subfield>
    </datafield>
  </record>
</collection>
